| 000 | 00589nam a22001937a 4500 | ||
|---|---|---|---|
| 999 |
_c169784 _d169784 |
||
| 005 | 20191204122146.0 | ||
| 010 | _aB-12659 | ||
| 020 |
_c80.00 _a- |
||
| 035 | _aB-12659 | ||
| 037 |
_bBPPD/Pub. _a- |
||
| 082 | _a211 | ||
| 100 | _aقا ضی جا و يد | ||
| 245 |
_aو جو د يت _cقا ضی جا و يد |
||
| 246 |
_bWajudiat (Urdu) _aby Qazi Javed |
||
| 260 |
_a Delhi _bEducational Publishing House _c1988 ء |
||
| 270 |
_a3108,Gali Vakil, Kucha Pandit,Lal Kuan, _bDelhi _e110006 _k- _l- |
||
| 300 |
_a118 ص _c22 Cm(Hb) |
||
| 942 |
_2ddc _cUR _h211 _mج ا و |
||